书目信息 |
| 题名: |
港口工程结构可靠度设计统一标准GB50158-92
|
|
| 作者: | 中华人民共和国交通部 编 | |
| 分册: | ||
| 出版信息: | 北京 中国计划出版社 1993.03 |
|
| 页数: | 84页 | |
| 开本: | 32开 | |
| 丛书名: | ||
| 单 册: | ||
| 中图分类: | U652.7-65 | |
| 科图分类: | ||
| 主题词: | 港口工程 | |
| 电子资源: | ||
| ISBN: | ||
| 000 | 00661nam0 2200193 45 | |
| 001 | 0009240884 | |
| 005 | 20010514085644.6 | |
| 010 | @d3.00元 | |
| 100 | @a20000924d1993 km y0chiy0120 ea | |
| 101 | 0 | @achi |
| 105 | @a z 000yy | |
| 200 | 1 | @a港口工程结构可靠度设计统一标准GB50158-92@AGang KouGong Cheng Jie Gou Ke Kao Du She Ji Tong YiBiao ZhunGB50158-92@f中华人民共和国交通部编@FZhong Hua Ren Min Gong He Guo Jiao Tong Bu Bian |
| 210 | @a北京@c中国计划出版社@d1993.03 | |
| 215 | @a84页@d32开 | |
| 606 | 0 | @a港口工程 |
| 690 | @aU652.7-65@v3 | |
| 701 | 0 | @a中华人民共和国交通部@4编 |
| 801 | @aCN@bPftUser@c20000924 | |
| 905 | @dU652.7-65@eZH:706@b342696-700@f5 | |
| 港口工程结构可靠度设计统一标准GB50158-92/中华人民共和国交通部编.-北京:中国计划出版社,1993.03 |
| 84页;32开 |
| ISBN :3.00元 |
| ● |
| 相关链接 |
|
|
|
正题名:港口工程结构可靠度设计统一标准GB50158-92
索取号:U652.7-65/ZH:706
 
预约/预借
| 序号 | 登录号 | 条形码 | 馆藏地/架位号 | 状态 | 备注 |
| 1 | 342696 | 203426961 | 期刊室512/501自科库 59排1列2层/ [索取号:U652.7-65/ZH:706] | 在馆 | |
| 2 | 342697 | 203426970 | 期刊室512/501自科库 59排1列2层/ [索取号:U652.7-65/ZH:706] | 在馆 | |
| 3 | 342698 | 203426989 | 期刊室512/501自科库 59排1列2层/ [索取号:U652.7-65/ZH:706] | 在馆 | |
| 4 | 342699 | 203426998 | 自科库501/501自科库 59排1列2层/ [索取号:U652.7-65/ZH:706] | 在馆 | |
| 5 | 342700 | 203427005 | 期刊室512/501自科库 59排1列2层/ [索取号:U652.7-65/ZH:706] | 在馆 |